Statistics for Counties of Northern Ireland by Picture

Click here to take the quiz!

General Stats

  • This quiz has been taken 106 times
  • The average score is 5 of 6

Answer Stats

Answer% Correct
Co. Antrim
97%
Co. Down
89%
Co. Derry/Londonderry
85%
Co. Tyrone
85%
Co. Armagh
83%
Co. Fermanagh
80%

Score Distribution

Percentile by Number Answered

Percent of People with Each Score

Your Score History

You have not taken this quiz